<?xml version="1.0" encoding="UTF-8"?>
<record
    xmlns:xsi="http://www.w3.org/2001/XMLSchema-instance"
    xsi:schemaLocation="http://www.loc.gov/MARC21/slim http://www.loc.gov/standards/marcxml/schema/MARC21slim.xsd"
    xmlns="http://www.loc.gov/MARC21/slim">

  <leader>00623nas a22001817a 4500</leader>
  <datafield tag="999" ind1=" " ind2=" ">
    <subfield code="c">6570</subfield>
    <subfield code="d">6570</subfield>
  </datafield>
  <controlfield tag="003">OSt</controlfield>
  <controlfield tag="005">20181023121002.0</controlfield>
  <controlfield tag="008">130704b        xxu||||| |||| 00| 0 eng d</controlfield>
  <datafield tag="020" ind1=" " ind2=" ">
    <subfield code="a">1138-9761</subfield>
  </datafield>
  <datafield tag="040" ind1=" " ind2=" ">
    <subfield code="c">CDMR</subfield>
    <subfield code="b">cat</subfield>
  </datafield>
  <datafield tag="245" ind1="0" ind2="0">
    <subfield code="a">Quaderns del CAC</subfield>
  </datafield>
  <datafield tag="260" ind1=" " ind2=" ">
    <subfield code="a">Barcelona</subfield>
    <subfield code="b">Generalitat de Catalunya. Consell de l'Audiovisual de Catalunya </subfield>
    <subfield code="c">1998-</subfield>
  </datafield>
  <datafield tag="362" ind1=" " ind2=" ">
    <subfield code="a">N&#xFA;m. 1 (mar&#xE7; 1998) - </subfield>
  </datafield>
  <datafield tag="650" ind1="0" ind2="4">
    <subfield code="9">2084</subfield>
    <subfield code="a">Comunicaci&#xF3; audiovisual</subfield>
    <subfield code="z">Catalunya</subfield>
    <subfield code="v">Revistes</subfield>
  </datafield>
  <datafield tag="710" ind1="2" ind2=" ">
    <subfield code="9">828</subfield>
    <subfield code="a">Consell de l'Audiovisual de Catalunya</subfield>
  </datafield>
  <datafield tag="856" ind1="0" ind2="4">
    <subfield code="u">http://dialnet.unirioja.es/servlet/revista?codigo=4526</subfield>
    <subfield code="y">Disponible en l&#xED;nia (Dialnet)</subfield>
  </datafield>
  <datafield tag="856" ind1="0" ind2="4">
    <subfield code="u">https://www.cac.cat/acords-recerca/revista-quaderns-del-cac</subfield>
    <subfield code="y">Disponible al Portal Web</subfield>
  </datafield>
  <datafield tag="942" ind1=" " ind2=" ">
    <subfield code="2">udc</subfield>
    <subfield code="c">SER</subfield>
    <subfield code="s">1</subfield>
  </datafield>
  <datafield tag="952" ind1=" " ind2=" ">
    <subfield code="0">0</subfield>
    <subfield code="1">0</subfield>
    <subfield code="4">0</subfield>
    <subfield code="7">0</subfield>
    <subfield code="a">LLEIDA</subfield>
    <subfield code="b">LLEIDA</subfield>
    <subfield code="d">2011-08-01</subfield>
    <subfield code="h">N&#xFA;m. 26 (2006)</subfield>
    <subfield code="l">0</subfield>
    <subfield code="o">199EST</subfield>
    <subfield code="p">LLEIDA1312614051</subfield>
    <subfield code="r">2013-01-16</subfield>
    <subfield code="w">2013-01-16</subfield>
    <subfield code="y">SER</subfield>
    <subfield code="z">El pluralisme informatiu en la televisi&#xF3;</subfield>
  </datafield>
  <datafield tag="952" ind1=" " ind2=" ">
    <subfield code="0">0</subfield>
    <subfield code="1">0</subfield>
    <subfield code="4">0</subfield>
    <subfield code="7">0</subfield>
    <subfield code="a">LLEIDA</subfield>
    <subfield code="b">LLEIDA</subfield>
    <subfield code="d">2011-08-01</subfield>
    <subfield code="h">N&#xFA;m. 25 (2006)</subfield>
    <subfield code="l">0</subfield>
    <subfield code="o">197EST</subfield>
    <subfield code="p">LLEIDA1312614052</subfield>
    <subfield code="r">2013-01-16</subfield>
    <subfield code="w">2013-01-16</subfield>
    <subfield code="y">SER</subfield>
    <subfield code="z">L'educaci&#xF3; en comunicaci&#xF3; audiovisual</subfield>
  </datafield>
  <datafield tag="952" ind1=" " ind2=" ">
    <subfield code="0">0</subfield>
    <subfield code="1">0</subfield>
    <subfield code="4">0</subfield>
    <subfield code="7">0</subfield>
    <subfield code="a">CDMR</subfield>
    <subfield code="b">CDMR</subfield>
    <subfield code="d">2013-01-16</subfield>
    <subfield code="h">N&#xFA;m. 1 (mar&#xE7; 1998) - </subfield>
    <subfield code="l">0</subfield>
    <subfield code="r">2013-07-04</subfield>
    <subfield code="w">2013-07-04</subfield>
    <subfield code="y">SER</subfield>
  </datafield>
  <datafield tag="952" ind1=" " ind2=" ">
    <subfield code="0">0</subfield>
    <subfield code="1">0</subfield>
    <subfield code="4">0</subfield>
    <subfield code="7">0</subfield>
    <subfield code="a">LLEIDA</subfield>
    <subfield code="b">LLEIDA</subfield>
    <subfield code="d">2014-04-14</subfield>
    <subfield code="h">N&#xFA;mero 14 (setembre-desembre 2002) </subfield>
    <subfield code="l">0</subfield>
    <subfield code="o">772 EST</subfield>
    <subfield code="p">LLEIDA1404301224</subfield>
    <subfield code="r">2014-04-14</subfield>
    <subfield code="w">2014-04-14</subfield>
    <subfield code="y">SER</subfield>
    <subfield code="z">Globalitzaci&#xF3;, ind&#xFA;stria audiovisual i diversitat cultural.</subfield>
  </datafield>
  <datafield tag="952" ind1=" " ind2=" ">
    <subfield code="0">0</subfield>
    <subfield code="1">0</subfield>
    <subfield code="4">0</subfield>
    <subfield code="7">0</subfield>
    <subfield code="a">LLEIDA</subfield>
    <subfield code="b">LLEIDA</subfield>
    <subfield code="d">2014-04-14</subfield>
    <subfield code="h">N&#xFA;mero extraordinari (novembre 2002)</subfield>
    <subfield code="l">0</subfield>
    <subfield code="o">773 EST</subfield>
    <subfield code="p">LLEIDA1404301225</subfield>
    <subfield code="r">2014-04-14</subfield>
    <subfield code="w">2014-04-14</subfield>
    <subfield code="y">SER</subfield>
    <subfield code="z">La producci&#xF3; de ficci&#xF3; televisiva a Espanya</subfield>
  </datafield>
</record>
